[Event "NED-ch op U18"]
[Site "Enschede"]
[Date "2010.08.13"]
[Round "8"]
[White "Otten, Martijn"]
[Black "Heller, Milan"]
[Result "1/2-1/2"]
[WhiteElo "1861"]
[BlackElo "1959"]
[PlyCount "30"]
[EventDate "2010.08.09"]
[EventType "swiss"]
[EventRounds "9"]
[EventCountry "NED"]
[SourceTitle "CBM 137 Extra"]
[Source "ChessBase"]
[SourceDate "2010.09.01"]
[SourceVersion "1"]
[SourceVersionDate "2010.09.01"]
[SourceQuality "1"]

1. d4 e6 2. c4 b6 3. a3 Bb7 4. Nc3 Nf6 5. Bg5 Be7 6. Qc2 d5 7. e3 Nbd7 8. b4 dxc4 9. f3 0-0 10. Bxc4 c5 11. Nge2 cxd4 12. Nxd4 Nd5 13. Bxe7 Qxe7 14. Bxd5 exd5 15. Kf2 Rac8 1/2-1/2

[Event "Enschede op-B U16"]
[Site "Enschede"]
[Date "2009.08.07"]
[Round "7"]
[White "Heller, Milan"]
[Black "Laan, Kart"]
[Result "0-1"]
[WhiteElo "1939"]
[BlackElo "1763"]
[PlyCount "68"]
[EventDate "2009.08.03"]
[EventType "swiss"]
[EventRounds "9"]
[EventCountry "NED"]
[SourceTitle "CBM 132 Extra"]
[Source "ChessBase"]
[SourceDate "2009.11.03"]
[SourceVersion "1"]
[SourceVersionDate "2009.11.03"]
[SourceQuality "1"]

1. d4 d5 2. Bg5 Nf6 3. Bxf6 exf6 4. e3 Bd6 5. c4 c6 6. Bd3 dxc4 7. Bxc4 b5 8. Bd3 Bb7 9. Nf3 Nd7 10. 0-0 a6 11. Nc3 Qe7 12. e4 b4 13. Ne2 c5 14. d5 0-0 15. Ng3 g6 16. Qd2 Rfc8 17. b3 a5 18. Qe2 a4 19. h4 Ne5 20. Nxe5 Bxe5 21. Rab1 Qd6 22. Qg4 Kh8 23. f4 Bd4+ 24. Kh1 Rg8 25. Ne2 f5 26. exf5 gxf5 27. Qxf5 Rg7 28. Nxd4 cxd4 29. Be4 Qh6 30. h5 Re8 31. Bf3 Bc8 32. Qd3 Qxf4 33. Rbe1 Rxe1 34. Rxe1 Qh4+ 0-1

[Event "Enschede op-B U16"]
[Site "Enschede"]
[Date "2009.08.05"]
[Round "5"]
[White "Heller, Milan"]
[Black "Sekandar, Kambiz"]
[Result "0-1"]
[WhiteElo "1939"]
[BlackElo "1890"]
[PlyCount "44"]
[EventDate "2009.08.03"]
[EventType "swiss"]
[EventRounds "9"]
[EventCountry "NED"]
[SourceTitle "CBM 132 Extra"]
[Source "ChessBase"]
[SourceDate "2009.11.03"]
[SourceVersion "1"]
[SourceVersionDate "2009.11.03"]
[SourceQuality "1"]

1. d4 g6 2. c4 f6 3. e4 Nh6 4. Nc3 d6 5. Nf3 Nf7 6. h4 Bg7 7. h5 g5 8. Bd3 Nh6 9. e5 0-0 10. Qc2 c5 11. Bxh7+ Kh8 12. d5 dxe5 13. Nxg5 fxg5 14. Bxg5 Nf5 15. h6 Bf6 16. Bxf5 Bxg5 17. Bh7 e6 18. Ne4 exd5 19. cxd5 Na6 20. Rh5 Bf6 21. f3 Nb4 22. Qb3 Kxh7 0-1

[Event "Enschede op-B U16"]
[Site "Enschede"]
[Date "2009.08.04"]
[Round "3"]
[White "Heller, Milan"]
[Black "Rauw, Gert Jan"]
[Result "1/2-1/2"]
[WhiteElo "1939"]
[BlackElo "2125"]
[PlyCount "39"]
[EventDate "2009.08.03"]
[EventType "swiss"]
[EventRounds "9"]
[EventCountry "NED"]
[SourceTitle "CBM 132 Extra"]
[Source "ChessBase"]
[SourceDate "2009.11.03"]
[SourceVersion "1"]
[SourceVersionDate "2009.11.03"]
[SourceQuality "1"]

1. d4 Nf6 2. c4 e6 3. Nc3 Bb4 4. f3 Nc6 5. e4 d5 6. cxd5 exd5 7. e5 Ng8 8. f4 Nh6 9. Be2 Nf5 10. Nf3 Ba5 11. Bb5 0-0 12. 0-0 Ncxd4 13. Bd3 Nxf3+ 14. Qxf3 c6 15. g4 Bb6+ 16. Kh1 Nh6 17. f5 Qh4 18. h3 g6 19. fxg6 hxg6 20. Kg2 1/2-1/2

[Event "NED-ch U17"]
[Site "Venlo"]
[Date "2009.05.02"]
[Round "9"]
[White "Heller, Milan"]
[Black "Wiegers, Kasper"]
[Result "1/2-1/2"]
[WhiteElo "1922"]
[BlackElo "1518"]
[PlyCount "72"]
[EventDate "2009.04.24"]
[EventType "swiss"]
[EventRounds "9"]
[EventCountry "NED"]
[SourceTitle "EXT 2013"]
[Source "ChessBase"]
[SourceDate "2012.11.22"]
[SourceVersion "1"]
[SourceVersionDate "2012.11.22"]
[SourceQuality "1"]

1. d4 Nf6 2. c4 c5 3. d5 e6 4. Nc3 exd5 5. cxd5 d6 6. e4 g6 7. f4 Bg7 8. Bb5+ Nfd7 9. a4 0-0 10. Nf3 Na6 11. 0-0 Re8 12. Re1 Nb4 13. Be3 a6 14. Bc4 f5 15. Ng5 Nb6 16. Bf1 h6 17. Ne6 Bxe6 18. dxe6 fxe4 19. a5 Nc8 20. Nxe4 Bxb2 21. Rb1 Bg7 22. Bc4 Kh7 23. Qd2 Qxa5 24. Nxd6 Nxd6 25. Qxd6 Nc2 26. f5 Nxe1 27. fxg6+ Kh8 28. Bxh6 Qc3 29. Bxg7+ Qxg7 30. Rxb7 Nf3+ 31. gxf3 Qxg6+ 32. Kf1 Rg8 33. Qe5+ Rg7 34. Rxg7 Qxg7 35. Qh5+ Qh7 36. Qe5+ Qg7 1/2-1/2

[Event "NED-ch U17"]
[Site "Venlo"]
[Date "2009.04.26"]
[Round "3"]
[White "Heller, Milan"]
[Black "Van den Bergh, Don"]
[Result "1/2-1/2"]
[WhiteElo "1922"]
[BlackElo "1757"]
[PlyCount "64"]
[EventDate "2009.04.24"]
[EventType "swiss"]
[EventRounds "9"]
[EventCountry "NED"]
[SourceTitle "EXT 2013"]
[Source "ChessBase"]
[SourceDate "2012.11.22"]
[SourceVersion "1"]
[SourceVersionDate "2012.11.22"]
[SourceQuality "1"]

1. d4 Nf6 2. c4 g6 3. Nc3 d5 4. cxd5 Nxd5 5. Bd2 Bg7 6. e4 Nxc3 7. Bxc3 0-0 8. Bc4 c5 9. d5 Bxc3+ 10. bxc3 Qa5 11. Ne2 Nd7 12. 0-0 Ne5 13. Bb3 b5 14. f4 Ng4 15. Qd2 Qb6 16. Bc2 f5 17. c4 bxc4 18. Nc3 fxe4 19. Bxe4 Nf6 20. Rfe1 Nxe4 21. Rxe4 Qf6 22. Rxc4 Ba6 23. Re4 Rad8 24. Rae1 e5 25. Rxe5 Qxf4 26. Qxf4 Rxf4 27. Ne4 Bc4 28. d6 Bxa2 29. Rxc5 Rf5 30. d7 Be6 31. Rxf5 Bxf5 32. Nc5 Kf7 1/2-1/2

[Event "NED-ch U17"]
[Site "Venlo"]
[Date "2009.04.24"]
[Round "1"]
[White "Heller, Milan"]
[Black "Pijpers, Arthur"]
[Result "0-1"]
[WhiteElo "1922"]
[BlackElo "2185"]
[PlyCount "84"]
[EventDate "2009.04.24"]
[EventType "swiss"]
[EventRounds "9"]
[EventCountry "NED"]
[SourceTitle "EXT 2013"]
[Source "ChessBase"]
[SourceDate "2012.11.22"]
[SourceVersion "1"]
[SourceVersionDate "2012.11.22"]
[SourceQuality "1"]

1. d4 d5 2. Nf3 Nf6 3. c4 c6 4. Nc3 dxc4 5. a4 Bf5 6. e3 e6 7. Bxc4 Bb4 8. 0-0 0-0 9. Nh4 Bg4 10. f3 Bh5 11. g4 Nd5 12. Ng2 Bg6 13. Qb3 a5 14. Na2 Qe7 15. e4 Nb6 16. Nxb4 axb4 17. Be3 Na6 18. Nf4 Rfd8 19. Rfd1 Nxc4 20. Qxc4 Qf6 21. Rd2 Rd7 22. Rad1 Rad8 23. Rg2 e5 24. g5 Qe7 25. Nxg6 hxg6 26. d5 cxd5 27. exd5 Rc7 28. Qb5 e4 29. f4 Nc5 30. Qxb4 Nd3 31. Qxe7 Rxe7 32. d6 Re6 33. d7 Rc6 34. b4 Rc4 35. Rb1 Rxd7 36. Rd2 Rd5 37. Ra2 Nxb4 38. Rab2 Nc2 39. Ba7 e3 40. Rxb7 e2 41. Bf2 Rd1+ 42. Kg2 Rxf4 0-1

[Event "Groningen op-A"]
[Site "Groningen"]
[Date "2008.12.27"]
[Round "6"]
[White "Cako, Laszlo"]
[Black "Heller, Milan"]
[Result "1-0"]
[WhiteElo "2233"]
[BlackElo "2024"]
[PlyCount "59"]
[EventDate "2008.12.21"]
[EventType "swiss"]
[EventRounds "9"]
[EventCountry "NED"]
[SourceTitle "CBM 127 Extra"]
[Source "ChessBase"]
[SourceDate "2009.01.08"]
[SourceVersion "2"]
[SourceVersionDate "2009.01.28"]
[SourceQuality "1"]

1. e4 e6 2. d4 d5 3. Nc3 Bb4 4. e5 c5 5. a3 Bxc3+ 6. bxc3 Ne7 7. Nf3 Bd7 8. a4 Qa5 9. Bd2 Nbc6 10. Bb5 a6 11. Bxc6 Nxc6 12. c4 Qc7 13. cxd5 exd5 14. c3 Bg4 15. 0-0 0-0 16. Be3 cxd4 17. cxd4 Na5 18. h3 Bxf3 19. Qxf3 Qd7 20. Qg3 Qf5 21. Rab1 Rab8 22. Rb6 Kh8 23. Rfb1 Rbc8 24. Qh4 Qc2 25. R1b2 Qxa4 26. Kh2 Nc4 27. Rh6 f6 28. Rxh7+ Kg8 29. Rxb7 Qa3 30. Rbxg7# 1-0

[Event "Groningen op-A"]
[Site "Groningen"]
[Date "2008.12.26"]
[Round "5"]
[White "Heller, Milan"]
[Black "De Groote, Ewoud"]
[Result "0-1"]
[WhiteElo "2024"]
[BlackElo "2208"]
[PlyCount "52"]
[EventDate "2008.12.21"]
[EventType "swiss"]
[EventRounds "9"]
[EventCountry "NED"]
[SourceTitle "CBM 127 Extra"]
[Source "ChessBase"]
[SourceDate "2009.01.08"]
[SourceVersion "2"]
[SourceVersionDate "2009.01.28"]
[SourceQuality "1"]

1. d4 Nf6 2. c4 e6 3. Nc3 Bb4 4. f3 c5 5. d5 d6 6. e4 0-0 7. Bd3 exd5 8. cxd5 Nh5 9. Be3 f5 10. Qd2 fxe4 11. Bxe4 Nf6 12. 0-0-0 Nxe4 13. fxe4 Bg4 14. Re1 Nd7 15. Bg5 Qe8 16. h3 Bh5 17. g4 Bg6 18. Rh2 Ne5 19. h4 Nxg4 20. Rg2 Ne5 21. Rg3 c4 22. Bf4 Nd3+ 23. Rxd3 cxd3 24. Nh3 Rc8 25. e5 Qb5 26. exd6 Rxc3+ 0-1

[Event "Groningen op-A"]
[Site "Groningen"]
[Date "2008.12.22"]
[Round "2"]
[White "Heller, Milan"]
[Black "Bok, Benjamin"]
[Result "0-1"]
[WhiteElo "2024"]
[BlackElo "2265"]
[PlyCount "80"]
[EventDate "2008.12.21"]
[EventType "swiss"]
[EventRounds "9"]
[EventCountry "NED"]
[SourceTitle "CBM 127 Extra"]
[Source "ChessBase"]
[SourceDate "2009.01.08"]
[SourceVersion "2"]
[SourceVersionDate "2009.01.28"]
[SourceQuality "1"]

1. d4 Nf6 2. c4 g6 3. Nc3 d5 4. Nf3 Bg7 5. Bg5 Ne4 6. cxd5 Nxg5 7. Nxg5 e6 8. Qd2 exd5 9. Qe3+ Kf8 10. Qf4 Bf6 11. h4 Kg7 12. e4 dxe4 13. Ngxe4 Bf5 14. 0-0-0 h5 15. Bc4 Nc6 16. Nxf6 Qxf6 17. Nd5 Qd6 18. Qxd6 cxd6 19. b3 Rac8 20. Kb2 Bg4 21. Rd2 Rhe8 22. Ne3 Bd7 23. Bd5 b5 24. a3 Ne7 25. Bf3 Nf5 26. Nxf5+ Bxf5 27. Rc1 Rxc1 28. Kxc1 Be4 29. Bxe4 Rxe4 30. g3 Kf6 31. Kd1 Ke6 32. Kc2 Kd5 33. Kc3 a5 34. f3 Re3+ 35. Rd3 Re2 36. f4 Ke4 37. d5 b4+ 38. axb4 axb4+ 39. Kxb4 Kxd3 40. Kb5 Rb2 0-1

[Event "Groningen op-A"]
[Site "Groningen"]
[Date "2008.12.21"]
[Round "1"]
[White "Hoeksema, Hendrik Pieter"]
[Black "Heller, Milan"]
[Result "1-0"]
[WhiteElo "2323"]
[BlackElo "2024"]
[PlyCount "71"]
[EventDate "2008.12.21"]
[EventType "swiss"]
[EventRounds "9"]
[EventCountry "NED"]
[SourceTitle "CBM 127 Extra"]
[Source "ChessBase"]
[SourceDate "2009.01.08"]
[SourceVersion "2"]
[SourceVersionDate "2009.01.28"]
[SourceQuality "1"]

1. Nf3 d5 2. g3 Bg4 3. Bg2 c6 4. 0-0 Nd7 5. d3 Ngf6 6. Nbd2 e5 7. e4 Bd6 8. h3 Bh5 9. Qe1 0-0 10. Nh4 dxe4 11. dxe4 Bc5 12. a4 a5 13. Nc4 Qc7 14. Bd2 b6 15. Kh1 Ne8 16. g4 Bg6 17. f4 exf4 18. Bxf4 Qb7 19. Rd1 Ndf6 20. Nf5 Qa6 21. Ne5 Rc8 22. c3 Bxf5 23. exf5 b5 24. Qe2 Qb7 25. axb5 Qxb5 26. Qxb5 cxb5 27. g5 Nh5 28. Nd7 Nxf4 29. Rxf4 Be3 30. Rg4 h5 31. gxh6 Bxh6 32. Rgd4 Nc7 33. Nxf8 Kxf8 34. Bc6 Bg5 35. Rd7 Ne8 36. Bxb5 1-0

[Event "NED-ch U17"]
[Site "Venlo"]
[Date "2008.05.02"]
[Round "8"]
[White "Heller, Milan"]
[Black "Hachijan, Armen"]
[Result "1-0"]
[WhiteElo "1779"]
[BlackElo "2130"]
[PlyCount "82"]
[EventDate "2008.04.25"]
[EventType "swiss"]
[EventRounds "9"]
[EventCountry "NED"]
[SourceTitle "CBM 123 Extra"]
[Source "ChessBase"]
[SourceDate "2008.05.06"]
[SourceVersion "1"]
[SourceVersionDate "2008.05.06"]
[SourceQuality "1"]

1. d4 Nf6 2. c4 g6 3. Nc3 Bg7 4. e4 d6 5. Nf3 0-0 6. Be2 Nbd7 7. 0-0 e5 8. Qc2 a5 9. Rd1 exd4 10. Nxd4 Re8 11. f3 c6 12. Bf4 Qb6 13. Be3 Qc7 14. a3 b6 15. b4 axb4 16. axb4 Rxa1 17. Rxa1 d5 18. cxd5 cxd5 19. Ndb5 Qb8 20. Rd1 Bb7 21. Bf2 Rc8 22. Qb3 dxe4 23. Bg3 Qa8 24. Nd6 Rf8 25. fxe4 Nxe4 26. Ncxe4 Bxe4 27. Nxf7 Rxf7 28. Rxd7 Qa1+ 29. Rd1 Bd4+ 30. Kh1 Qa8 31. Rxd4 Bxg2+ 32. Kg1 Bh1 33. Bf1 Kf8 34. Rf4 Bd5 35. Rxf7+ Bxf7 36. Bd6+ Kg8 37. Bc4 Qa1+ 38. Kg2 Qa8+ 39. Kg3 Bxc4 40. Qxc4+ Kg7 41. Qd4+ Kg8 1-0

[Event "Twente Young Master op-C"]
[Site "Twente"]
[Date "2007.08.07"]
[Round "2"]
[White "Heller, Milan"]
[Black "De Vleeschauwer, Ruben"]
[Result "1/2-1/2"]
[WhiteElo "1671"]
[BlackElo "1385"]
[PlyCount "66"]
[EventDate "2007.08.06"]
[EventType "swiss"]
[EventRounds "9"]
[EventCountry "NED"]
[SourceTitle "EXT 2008"]
[Source "ChessBase"]
[SourceDate "2007.11.25"]
[SourceVersion "1"]
[SourceVersionDate "2007.11.25"]
[SourceQuality "1"]

1. d4 e6 2. c4 d5 3. Nc3 c5 4. cxd5 Nf6 5. Nf3 Nxd5 6. e4 Nxc3 7. bxc3 Nc6 8. Bb5 cxd4 9. Nxd4 Bd7 10. Nxc6 Bxc6 11. Bxc6+ bxc6 12. 0-0 Be7 13. Bf4 0-0 14. Qxd8 Rfxd8 15. Rfd1 h6 16. Kf1 Ba3 17. Ke2 Bb2 18. Rab1 Rxd1 19. Rxd1 Bxc3 20. Rc1 Bb4 21. Rxc6 g5 22. Be3 a5 23. h4 Be7 24. hxg5 hxg5 25. Rc7 Bd8 26. Rc5 f6 27. Rc6 Kf7 28. Bd2 Rb8 29. Rc4 Rb2 30. a4 Kg6 31. f3 Ra2 32. Kd1 Ra1+ 33. Ke2 Ra2 1/2-1/2